| 000 | 01632cas a2200433 i 4500 | ||
|---|---|---|---|
| 001 | 16924967 | ||
| 003 | OSt | ||
| 005 | 20230619151659.0 | ||
| 008 | 110817c20109999ke ar f0 0eng | ||
| 010 | _a 2011342937 | ||
| 024 | 7 |
_a9789966151704 _2isbn |
|
| 035 | _a(OCoLC)ocn747007075 | ||
| 040 |
_aDLC _beng _erda _cDLC _dDLC _dZCU _dOUN _dNUI _dIUL _dDLC _dOCLCF _dOCLCO _dOCLCA _dNYP _dOCLCO _dIUL _dPUL |
||
| 042 | _apcc | ||
| 043 | _af-ke--- | ||
| 050 | 0 | 0 |
_aDT433.5 _b.K489 |
| 082 |
_a030.6762 _bKEN 2021 |
||
| 245 | 0 | 0 |
_aKenya Yearbook 2021 _bCompleting the Journey |
| 264 | 1 |
_aNairobi : _bKenya Yearbook Editorial Board, _c2021 |
|
| 300 |
_avolumes : _bchiefly color illustrations, color maps ; _c21 cm |
||
| 310 | _aAnnual | ||
| 336 |
_atext _btxt _2rdacontent |
||
| 337 |
_aunmediated _bn _2rdamedia |
||
| 338 |
_avolume _bnc _2rdacarrier |
||
| 362 | 1 | _aBegan with 2010. | |
| 500 | _aEach issue has also a unique theme title. | ||
| 588 | 0 | _a2010; title from title page. | |
| 588 | 1 | _a2019. | |
| 590 | _aAcquired via LC overseas office. Nairobi Field Office. Most recent issues may not yet be available in LC. | ||
| 651 | 0 |
_aKenya _vPeriodicals. |
|
| 651 | 7 |
_aKenya. _2fast _0(OCoLC)fst01208718 |
|
| 655 | 7 |
_aPeriodicals. _2fast _0(OCoLC)fst01411641 |
|
| 655 | 7 |
_aPeriodicals. _2lcgft _0http://id.loc.gov/authorities/genreForms/gf2014026139 _0(uri) http://id.loc.gov/authorities/genreForms/gf2014026139 |
|
| 710 | 2 |
_aKenya Yearbook Editorial Board, _eissuing body, _epublisher. |
|
| 906 |
_a7 _bcbc _cserorig _d2 _encip _f20 _gn-oclcserc |
||
| 942 |
_2ddc _cBK |
||
| 999 |
_c1374 _d1374 |
||